000 00312nam a2200145Ia 4500
100 _aCuster/Helen
942 _cBK
654 _aInside Windows
245 _aInside Windows N.T.
260 _bMicrosoft Press
_aNew Delhi
_c1993
082 _a5.4469
_bCUS
300 _a385
546 _aENGLISH
999 _c23538
_d23538